[Event "IECC M-5602"]
[Site "IECC email"]
[Date "2006.12.20"]
[Round "?"]
[White "Larson, John"]
[Black "Lafargue, Philippe"]
[Result "1-0"]
[WhiteElo "1016"]
[BlackElo "975"]
[PlyCount "43"]
[EventDate "2006.??.??"]
[EventType "tourn (corr)"]
[EventRounds "10"]
[SourceTitle "Corr 2008"]
[Source "ChessBase"]
[SourceDate "2008.06.24"]
[SourceVersion "1"]
[SourceVersionDate "2008.06.24"]
[SourceQuality "1"]

1. e4 e5 2. Nf3 Nf6 3. Bb5 Bc5 4. Nxe5 c6 5. Ba4 0-0 6. d4 Bb4+ 7. c3 b5 8. Bb3 Bxc3+ 9. Nxc3 d5 10. Bg5 Re8 11. exd5 b4 12. Ne4 Nbd7 13. 0-0 Nxe5 14. dxe5 Rxe5 15. Nxf6+ gxf6 16. Bh6 Bf5 17. dxc6 Bg6 18. Qxd8+ Rxd8 19. c7 Rc8 20. Rac1 Re7 21. Rfd1 Bf5 22. Rd8+ 1-0

[Event "IECC M-5597"]
[Site "IECC email"]
[Date "2006.12.10"]
[Round "?"]
[White "Babcock, Chris"]
[Black "Lafargue, Philippe"]
[Result "1-0"]
[WhiteElo "1029"]
[BlackElo "930"]
[PlyCount "49"]
[EventDate "2006.??.??"]
[EventType "tourn (corr)"]
[EventRounds "10"]
[SourceTitle "Corr 2008"]
[Source "ChessBase"]
[SourceDate "2008.06.24"]
[SourceVersion "1"]
[SourceVersionDate "2008.06.24"]
[SourceQuality "1"]

1. e4 e5 2. Nf3 Nc6 3. Nc3 Bc5 4. Bb5 Qf6 5. d3 Nge7 6. Bg5 Qg6 7. 0-0 Nd4 8. Bxe7 Bxe7 9. Nxe5 Qg5 10. Nf3 Qc5 11. Nxd4 Qxd4 12. Nd5 Bd6 13. c3 Qc5 14. Qh5 0-0 15. d4 g6 16. Nf6+ Kg7 17. Qxh7+ Kxf6 18. dxc5 Be5 19. f4 Bd4+ 20. cxd4 c6 21. f5 g5 22. Qh6+ Ke7 23. d5 f6 24. d6+ Kd8 25. Qxf8# 1-0

[Event "IECC O-1972"]
[Site "IECC email"]
[Date "2004.05.29"]
[Round "?"]
[White "Lapham, Frank"]
[Black "Lafargue, Philippe"]
[Result "0-1"]
[WhiteElo "863"]
[BlackElo "923"]
[PlyCount "94"]
[EventDate "2004.??.??"]
[EventType "swiss (corr)"]
[EventRounds "2"]
[SourceTitle "Corr 2020"]
[Source "ChessBase"]
[SourceDate "2019.09.30"]
[SourceVersion "1"]
[SourceVersionDate "2019.09.30"]
[SourceQuality "1"]
[WhiteTeam "United States"]
[BlackTeam "France"]
[WhiteTeamCountry "USA"]
[BlackTeamCountry "FRA"]

1. d4 d5 2. Nf3 Nc6 3. e3 Bg4 4. Bb5 Qd6 5. 0-0 0-0-0 6. b3 e5 7. Be2 e4 8. Ng5 Qg6 9. Bxg4+ f5 10. Bh5 Qxg5 11. c4 g6 12. Be2 dxc4 13. Bxc4 Nf6 14. Be6+ Kb8 15. Nc3 Nb4 16. Ba3 Nd3 17. f4 Qg4 18. h3 Qg3 19. Qe2 Bxa3 20. Qe1 Qxe1 21. Raxe1 Nxe1 22. Rxe1 Bb2 23. Ne2 Rd6 24. Bc4 Ra6 25. Bxa6 bxa6 26. Rd1 Ba3 27. Nc3 Bb4 28. Na4 Nd5 29. Kf2 Rg8 30. h4 Nc3 31. Nxc3 Bxc3 32. d5 Bf6 33. d6 c5 34. d7 Bxh4+ 35. g3 Bd8 36. Rb1 Kc7 37. Rd1 Rg7 38. Rd5 Kc6 39. Rd1 Rxd7 40. Rxd7 Kxd7 41. a3 a5 42. a4 Bb6 43. Ke2 Kd6 44. Kf2 h5 45. Kg2 c4 46. bxc4 Kc5 47. Kf2 Kxc4 0-1

[Event "IECC Swiss-485.1"]
[Site "IECC email"]
[Date "2004.05.18"]
[Round "?"]
[White "Wakeham, Marc R"]
[Black "Lafargue, Philippe"]
[Result "1-0"]
[WhiteElo "1449"]
[BlackElo "948"]
[PlyCount "119"]
[EventDate "2004.??.??"]
[EventType "swiss (corr)"]
[EventRounds "1"]
[SourceTitle "Corr 2020"]
[Source "ChessBase"]
[SourceDate "2019.09.30"]
[SourceVersion "1"]
[SourceVersionDate "2019.09.30"]
[SourceQuality "1"]
[WhiteTeam "Wales"]
[BlackTeam "France"]
[WhiteTeamCountry "WLS"]
[BlackTeamCountry "FRA"]

1. e4 e5 2. Nf3 Nf6 3. d3 Nc6 4. g3 Bc5 5. Bg5 0-0 6. Bg2 Ng4 7. 0-0 f6 8. Bd2 b6 9. Nc3 Nd4 10. Nxd4 Bxd4 11. Qxg4 d5 12. Qd1 dxe4 13. Bxe4 Rb8 14. Rb1 f5 15. Bg2 f4 16. Nb5 a6 17. Nxd4 Qxd4 18. Bc3 Qd6 19. d4 e4 20. Bxe4 fxg3 21. hxg3 Qh6 22. Qd2 g5 23. Bd5+ Be6 24. Bxe6+ Qxe6 25. Qxg5+ Qg6 26. Qd5+ Rf7 27. Qe5 Qf6 28. Qxf6 Rxf6 29. Rbe1 Kf7 30. Re2 Re8 31. Rxe8 Kxe8 32. Re1+ Kd8 33. d5 Rd6 34. Re5 a5 35. Rh5 Rd7 36. Rg5 Kc8 37. Bd2 Kb7 38. c4 c5 39. dxc6+ Kxc6 40. Bc3 Kb7 41. Rh5 Ka6 42. a4 Rc7 43. b3 Ka7 44. Rh6 Rb7 45. g4 Rd7 46. Kg2 Kb7 47. Re6 Rd8 48. Re7+ Ka6 49. Rxh7 Rg8 50. Rg7 Rc8 51. Rg6 Kb7 52. Kg3 Kc7 53. f4 Kb7 54. f5 Kc7 55. f6 Rf8 56. g5 Kd6 57. Kf4 Ke6 58. Bd4 Rb8 59. f7+ Kxf7 60. Rxb6 1-0

[Event "TH-S-0044"]
[Site "IECC email"]
[Date "2004.05.13"]
[Round "?"]
[White "Mathes, Christian"]
[Black "Lafargue, Philippe"]
[Result "1-0"]
[WhiteElo "1192"]
[BlackElo "958"]
[PlyCount "85"]
[EventDate "2004.??.??"]
[EventType "tourn (corr)"]
[SourceTitle "Corr 2020"]
[Source "ChessBase"]
[SourceDate "2019.09.30"]
[SourceVersion "1"]
[SourceVersionDate "2019.09.30"]
[SourceQuality "1"]
[WhiteTeam "Germany"]
[BlackTeam "France"]
[WhiteTeamCountry "GER"]
[BlackTeamCountry "FRA"]

1. Nf3 d5 2. g3 c6 3. Bg2 Nf6 4. 0-0 Bg4 5. d3 e5 6. Nbd2 e4 7. dxe4 dxe4 8. Ng5 Qd7 9. Ngxe4 Na6 10. Nxf6+ gxf6 11. Ne4 0-0-0 12. Qxd7+ Bxd7 13. Nxf6 Bg7 14. Nxd7 Rxd7 15. Bh3 Nb4 16. Bxd7+ Kxd7 17. Rd1+ Kc8 18. c3 Nd5 19. e4 Ne7 20. Bg5 f6 21. Be3 f5 22. exf5 Nxf5 23. Bxa7 Kc7 24. Bc5 b6 25. Ba3 b5 26. Rd3 Rd8 27. Rad1 Bf6 28. Rxd8 Bxd8 29. g4 Nh4 30. Bd6+ Kc8 31. Bg3 Nf3+ 32. Kg2 Ng5 33. Rxd8+ Kxd8 34. Bh4 h6 35. f4 Ke8 36. fxg5 hxg5 37. Bxg5 Kf7 38. h4 Kg6 39. Be3 Kf6 40. h5 Kg7 41. g5 Kf7 42. Kf3 Kg7 43. Ke4 1-0

[Event "IECC KO-1041"]
[Site "IECC email"]
[Date "2003.11.24"]
[Round "?"]
[White "Lafargue, Philippe"]
[Black "Venturas, Bob"]
[Result "0-1"]
[WhiteElo "900"]
[BlackElo "1025"]
[PlyCount "48"]
[EventDate "2003.??.??"]
[EventType "match (corr)"]
[EventRounds "2"]
[SourceTitle "Corr 2020"]
[Source "ChessBase"]
[SourceDate "2019.09.30"]
[SourceVersion "1"]
[SourceVersionDate "2019.09.30"]
[SourceQuality "1"]
[WhiteTeam "France"]
[BlackTeam "Canada"]
[WhiteTeamCountry "FRA"]
[BlackTeamCountry "CAN"]

1. d4 d5 2. Nc3 Nc6 3. Nf3 f6 4. e4 dxe4 5. Nxe4 Bg4 6. Bb5 Bxf3 7. Qxf3 Qxd4 8. 0-0 0-0-0 9. Bxc6 bxc6 10. c3 Qb6 11. b4 e5 12. Be3 Rd3 13. Qe2 Qa6 14. Nc5 Bxc5 15. Bxc5 Nh6 16. b5 Qxb5 17. Bb4 Rhd8 18. Rad1 Rxd1 19. Qxb5 cxb5 20. g3 Rxf1+ 21. Kxf1 a6 22. Kg2 Kb7 23. a3 Kb6 24. f3 c5 0-1

[Event "IECC KO email"]
[Site "IECC email"]
[Date "2003.09.29"]
[Round "?"]
[White "Lafargue, Philippe"]
[Black "Venturas, Bob"]
[Result "0-1"]
[WhiteElo "856"]
[BlackElo "1032"]
[PlyCount "42"]
[EventDate "2003.??.??"]
[EventType "tourn (corr)"]
[EventRounds "6"]
[SourceTitle "Corr 2008"]
[Source "ChessBase"]
[SourceDate "2008.06.24"]
[SourceVersion "1"]
[SourceVersionDate "2008.06.24"]
[SourceQuality "1"]

1. e4 e5 2. Nc3 Nf6 3. d4 Bb4 4. Bd2 exd4 5. Nd5 Bxd2+ 6. Qxd2 Nxd5 7. exd5 0-0 8. 0-0-0 Qf6 9. Nf3 d6 10. Nxd4 a6 11. Bd3 Kh8 12. Nf3 Bg4 13. Be4 Nd7 14. Qd3 Nc5 15. Qe2 Rae8 16. Rd4 Bxf3 17. Qxf3 Qxd4 18. Bd3 Re5 19. Qh3 Nxd3+ 20. cxd3 Re2 21. Kd1 Qxb2 0-1

[Event "IECC KO email"]
[Site "IECC email"]
[Date "2003.09.29"]
[Round "?"]
[White "Venturas, Bob"]
[Black "Lafargue, Philippe"]
[Result "1-0"]
[WhiteElo "1041"]
[BlackElo "847"]
[PlyCount "97"]
[EventDate "2003.??.??"]
[EventType "tourn (corr)"]
[EventRounds "6"]
[SourceTitle "Corr 2008"]
[Source "ChessBase"]
[SourceDate "2008.06.24"]
[SourceVersion "1"]
[SourceVersionDate "2008.06.24"]
[SourceQuality "1"]

1. e4 e5 2. Nf3 Nc6 3. a3 d6 4. h3 f5 5. exf5 Bxf5 6. c3 g5 7. d3 Qe7 8. Nxg5 Qg7 9. Qh5+ Bg6 10. Qg4 Nf6 11. Qe6+ Be7 12. Nd2 Nd8 13. Qc4 Nd5 14. Nde4 c6 15. Bd2 Nb6 16. Qb3 d5 17. Ng3 h6 18. Nf3 Nf7 19. 0-0-0 0-0-0 20. Be3 d4 21. Qe6+ Rd7 22. cxd4 Nd8 23. Qxe5 Bf6 24. Qa5 Kb8 25. Bf4+ Ka8 26. Ne5 Rd5 27. Qb4 Ne6 28. Nxg6 Qxg6 29. Be3 Bxd4 30. Re1 Re8 31. Ne4 a5 32. Qb3 Rb5 33. Qd1 Bxb2+ 34. Kd2 Nc4+ 35. Ke2 Nxe3 36. fxe3 Qh5+ 37. Kf2 Rf8+ 38. Kg1 Qxd1 39. Rxd1 Bxa3 40. d4 Rg8 41. Bxb5 cxb5 42. Kh2 Ng5 43. Nc5 Bxc5 44. dxc5 Ne4 45. Ra1 a4 46. Rhc1 Rc8 47. Rab1 Rc6 48. Rxb5 Nxc5 49. Rcxc5 1-0

[Event "IECC KO email"]
[Site "IECC email"]
[Date "2003.05.23"]
[Round "?"]
[White "Lafargue, Philippe"]
[Black "Blackmore, Graham"]
[Result "0-1"]
[WhiteElo "893"]
[BlackElo "1112"]
[PlyCount "72"]
[EventDate "2003.??.??"]
[EventType "tourn (corr)"]
[EventRounds "6"]
[SourceTitle "Corr 2008"]
[Source "ChessBase"]
[SourceDate "2008.06.24"]
[SourceVersion "1"]
[SourceVersionDate "2008.06.24"]
[SourceQuality "1"]

1. e4 c5 2. Bc4 e6 3. Nf3 d5 4. Bb5+ Bd7 5. Qe2 dxe4 6. Bxd7+ Nxd7 7. Qxe4 Qc7 8. d4 Ngf6 9. Bf4 Bd6 10. Bxd6 Qxd6 11. Qxb7 0-0 12. Nbd2 Rfb8 13. Nc4 Rxb7 14. Nxd6 Rxb2 15. c3 Rab8 16. 0-0 cxd4 17. Nxd4 Nd5 18. Rfc1 Nc5 19. Nc2 Nxc3 20. Nd4 Rb1 21. g3 Rxa1 22. Rxa1 Rd8 23. N6b5 Nxb5 24. Nxb5 a5 25. f4 f6 26. Rc1 Ne4 27. Nc3 Nxc3 28. Rxc3 Rd1+ 29. Kg2 Rd2+ 30. Kh3 Rxa2 31. Rc8+ Kf7 32. Rc5 h6 33. g4 Ra3+ 34. Kh4 g5+ 35. fxg5 hxg5+ 36. Kh5 Rh3# 0-1